Краткий педагогический словарь пропагандиста

التفاصيل البيبلوغرافية
مؤلفون آخرون: Кондаков М. И. Михаил Иванович (редактор), Вишняков А. С.
اللغة:الروسية
منشور في: Москва, Политиздат, 1984
الموضوعات:
التنسيق: MixedMaterials كتاب
KOHA link:https://koha.lib.tpu.ru/cgi-bin/koha/opac-detail.pl?biblionumber=296925

MARC

LEADER 00000nam0a2200000 4500
001 296925
005 20231102000945.0
035 |a (RuTPU)RU\TPU\book\322045 
090 |a 296925 
100 |a 20150604d1984 km y0rusy5003 ca 
101 0 |a rus 
105 |a y e 000zy 
200 1 |a Краткий педагогический словарь пропагандиста  |g под общ. ред. М. И. Кондакова, А. С. Вишнякова 
210 |a Москва  |c Политиздат  |d 1984 
215 |a 319 с. 
606 1 |a Политическое просвещение  |2 stltpush  |3 (RuTPU)RU\TPU\subj\50491  |9 69164 
610 1 |a пропаганда 
610 1 |a политическое образование 
610 1 |a словари 
610 1 |a общественные науки 
610 1 |a термины 
686 |a Ф61(2)511я2  |2 rubbk 
702 1 |a Кондаков  |b М. И.  |g Михаил Иванович  |4 340 
702 1 |a Вишняков  |b А. С.  |4 340 
801 0 |a RU  |b RuMRKP  |c 19950417  |g psbo 
801 1 |a RU  |b 63413507  |c 20150604 
801 2 |a RU  |b 63413507  |c 20190121  |g RCR 
942 |c BK